LEADER 00989nam a22002531i 4500 001 991002247469707536 005 20040220152052.0 008 040407s1962 fr |||||||||||||||||fre 035 $ab12893481-39ule_inst 035 $aARCHE-087310$9ExL 040 $aDip.to Filologia Class. e Scienze Filosofiche$bita$cA.t.i. Arché s.c.r.l. Pandora Sicilia s.r.l. 082 04$a781 100 1 $aGelineau, Joseph$0486318 245 10$aChant et musique dans le culte chrétien :$bprincipes, lois et applications /$cJoseph Gelineau 260 $aParis :$bFleurus,$c1962 300 $a302 p. ;$c20 cm 440 0$aKinnor.$pSérie études 650 4$aMusica sacra 907 $a.b12893481$b02-04-14$c16-04-04 912 $a991002247469707536 945 $aLE007 264 GEL 01.01$g1$i2007000072745$lle007$o-$pE0.00$q-$rl$s- $t0$u0$v0$w0$x0$y.i13457664$z16-04-04 996 $aChant et musique dans le culte chrétien$9305214 997 $aUNISALENTO 998 $ale007$b16-04-04$cm$da $e-$ffre$gfr $h0$i1 LEADER 01280nam 2200397 450 001 9910810980103321 005 20191108192128.0 010 $a1-78969-257-1 035 $a(CKB)4100000009587929 035 $a(MiAaPQ)EBC5940172 035 $a(EXLCZ)994100000009587929 100 $a20191108d2019 uy 0 101 0 $aeng 135 $aurcnu|||||||| 181 $ctxt$2rdacontent 182 $cc$2rdamedia 183 $acr$2rdacarrier 200 10$aMaritime-related cults in the coastal cities of Philistia during the Roman period $elegacy and change /$fSimona Rodan 210 1$aSummertown, Oxford :$cArchaeopress Publishing Ltd,$d[2019] 210 4$d©2019 215 $a1 online resource (220 pages) $cillustrations 225 1 $aArchaeopress Roman archaeology ;$vVolume 60 311 $a1-78969-256-3 410 0$aArchaeopress Roman archaeology ;$vVolume 60. 606 $aCults$zRome 607 $aMediterranean Region$xReligion 615 0$aCults 676 $a292.07 700 $aRodan$b Simona$01597491 801 0$bMiAaPQ 801 1$bMiAaPQ 801 2$bMiAaPQ 906 $aBOOK 912 $a9910810980103321 996 $aMaritime-related cults in the coastal cities of Philistia during the Roman period$94094074 997 $aUNINA